Name the Nicktoons Quiz Stats

 Plays Quiz not verified by Sporcle

Challenge
Share
Tweet
Embed
Score 0/40 Timer 09:00
0 Plays Today
Year Nicktoon % Correct
1991Rugrats
86.1%
1999SpongeBob SquarePants
82.4%
1991Doug
78%
1996Hey Arnold!
67.8%
1993Rocko's Modern Life
66.3%
1998CatDog
64.1%
1991The Ren And Stimpy Show
63.4%
2001The FairlyOdd Parents
58.2%
1999Rocket Power
53.8%
1994Aaahh!!! Real Monsters
52.4%
1997The Angry Beavers
49.1%
1998The Wild Thornberrys
45.8%
2001Invader Zim
42.5%
1996KaBlam!
41%
2002The Adventures of Jimmy Neutron: Boy Genius
38.8%
2003All Grown Up!
36.6%
2004Danny Phantom
34.4%
2000As Told by Ginger
32.2%
2002ChalkZone
24.9%
2003My Life as a Teenage Robot
23.4%
Year Nicktoon % Correct
2005Avatar: The Last Airbender
23.1%
2007Back at the Barnyard
22.7%
2008The Mighty B!
22.7%
2009The Penguins of Madagascar
22%
2005Catscratch
18.3%
1998Oh Yeah! Cartoons
15.8%
2000Pelswick
15.8%
2007El Tigre:The Adventures of Manny Rivera
15%
2005The X's
13.6%
2006Mr.Meaty
13.6%
2007Tak and the Power of Juju
12.8%
2001Action League Now!
11.7%
2006Kappa Mikey
7.7%
2008Making Fiends
5.1%
2009Iron Man: Armored Adventures
3.7%
2007Edgar & Ellen
3.3%
2008Three Delivery
3.3%
2009Wolverine & The X-Men
2.9%
2008Ricky Sprocket: Showbiz Boy
1.8%
2008Speed Racer: The Next Generation
1.8%

You're not logged in!

Compare scores with friends on all Sporcle quizzes.
OR
Log In

You Might Also Like...

Show Comments

Extras

Created Oct 27, 2009ReportNominate
Tags:Nickelodeon

Top Quizzes Today


Score Distribution

Your Account Isn't Verified!

In order to create a playlist on Sporcle, you need to verify the email address you used during registration. Go to your Sporcle Settings to finish the process.

Report this User

Report this user for behavior that violates our Community Guidelines.

Details: